000 00862nam a2200253Ia 4500
003 OSt
005 20221005103707.0
006 a|||||r|||| 00| 0
007 ta
008 221004b |||||||| |||| 00| 0 hin d
020 _a977188466597 (hbk)
_c195
024 _a100812
037 _b353, 02/03/2010, Swaraj Prakashan
_cTextual
040 _aCRL
_cCRL
_bhin
041 _2hin
_ahin
082 _aO152,3N12,26, N3;P8
100 _aविष्णु प्रभाकर
245 0 _aतट के बंधन
246 _aTaṭ ke bandhana
260 _aदिल्ली
_bअमरसत्य प्रकाशन भारत
_c2008
300 _a160पृ0
_ccm.
942 _hO152,3N12,26, N3;P8
_cTEXL
_2cc
999 _c1010651
_d1010651